[Event "Tilburg Fontys"]
[Site "Tilburg"]
[Date "1997.10.07"]
[Round "9"]
[White "Adams, Michael"]
[Black "Kasparov, Garry"]
[Result "1/2-1/2"]
[WhiteElo "2680"]
[BlackElo "2820"]
[Annotator "Winants,L"]
[PlyCount "53"]
[EventDate "1997.09.27"]
[EventType "tourn"]
[EventRounds "11"]
[EventCountry "NED"]
[EventCategory "17"]
[SourceTitle "CBM 061"]
[Source "ChessBase"]
[SourceDate "1997.11.23"]
[SourceVersion "1"]
[SourceVersionDate "1997.11.23"]
[SourceQuality "1"]

1. e4 c5 2. Nc3 e6 3. Nf3 a6 4. g3 b5 5. Bg2 Bb7 6. d4 cxd4 7. Nxd4 b4 8. Na4
Nf6 9. Bg5 Qa5 (9... Be7 $1 10. O-O (10. Bxf6 Bxf6 11. Nc5 Qb6 12. Nxb7 Bxd4)
10... Qa5 (10... Bxe4 $2 11. Bxf6 Bxg2 12. Bxe7) (10... Nxe4 11. Bxe7 Qxe7 (
11... Kxe7 12. Qg4 Nf6 13. Nf5+ exf5 14. Qxb4+) 12. Nb6 Ra7 13. Bxe4 Bxe4 14.
Nc8) 11. Bxf6 Bxf6 12. Nb3 (12. c3 Nc6) 12... Qxa4 13. Nc5 Qc6 14. Nxb7 Be5 15.
Nd6+ Qxd6 16. Qxd6 Bxd6 17. e5 Bxe5 18. Bxa8 Bxb2 19. Rab1 Bc3 20. a3 a5 21.
axb4 axb4 22. Be4 d5 23. Bd3 Ke7 24. f4 Nc6 25. Kg2 f6 26. Rf2 Nd4 27. g4 e5
28. fxe5 fxe5 29. Rbf1 Kd6 30. Rf7 e4 31. Ba6 Nxc2 32. Kh3 Rb8 {0-1 Bistric,
F-Sax,G/Sarajevo 1982}) 10. Bxf6 gxf6 (10... Qxa4 11. Nxe6 $5 gxf6 (11... dxe6
12. Qd8#) (11... fxe6 12. Qh5+ g6 13. Qh4 $18) 12. Nc7+ Kd8 13. Nxa8 Bxa8 14.
O-O) 11. c3 Nc6 12. O-O Bg7 $2 {[%csl Gc5]} (12... Be7) 13. cxb4 Qxb4 14. Ne2
$1 {[%csl Gc5][%cal Ya1c1,Ya4c5]} Bh6 15. f4 (15. a3 Qe7 (15... Qd2 16. Qxd2
Bxd2 17. Nb6 Ra7 (17... Rd8 18. Nc4 $18) (17... Rb8 18. Rad1) 18. Rfd1 Ba5 19.
Nxd7 Ke7 20. Nc5) 16. b4 $16) 15... O-O 16. Rc1 (16. Qxd7 $2 Rfd8) (16. a3 Qe7
17. b4) 16... a5 17. a3 Qe7 18. Nc5 Ba6 19. Rf2 Ra7 20. Nxa6 Rxa6 21. Nc3 Rb8
22. Rd2 Ra7 23. a4 (23. Na4 $16) 23... Rb4 24. Na2 Rb8 25. Nc3 Rb4 26. Na2 (26.
Nb5 Rb7 27. e5 $6 (27. b3) (27. Rc3) 27... fxe5 28. Bxc6 dxc6 29. Rd8+ (29.
Qg4+ Bg7 30. Rxc6 Rb8 31. Rc7 Qf6 32. Nd6 Qg6) 29... Kg7 $1 (29... Bf8 30. Rxc6
Rd4 $8 31. Rxf8+ Qxf8 32. Nxd4 exd4 33. Qxd4 $16) 30. Qg4+ (30. Nd6 exf4 (30...
Qxd8 31. Nf5+ exf5 32. Qxd8) 31. Nxb7 fxg3 $1 $17) 30... Bg5 $1 (30... Kf6 31.
fxe5+) 31. Re8 (31. Qxg5+ Qxg5 32. fxg5 cxb5 33. Rcc8 Kg6) 31... Qxe8 32. Qxg5+
Kf8 33. Qh6+ (33. Nd6 Qe7 34. Qh6+ Kg8 35. Nxb7 Rxb7 36. fxe5 Rxb2 $17) 33...
Ke7 34. Qh4+ Kf8 (34... f6 35. Qxh7+ Qf7 36. Qxf7+ Kxf7 37. Nd6+ Ke7 38. Nxb7)
35. Qh6+ Ke7 36. Qh4+ $11) 26... Rb8 27. Nc3 $14 1/2-1/2

[Event "Charleroi 2nd"]
[Site "Charleroi"]
[Date "2003.08.26"]
[Round "5"]
[White "Vandevoort, Pascal"]
[Black "Kveinys, Aloyzas"]
[Result "1-0"]
[WhiteElo "2353"]
[BlackElo "2539"]
[Annotator "Winants,L"]
[PlyCount "59"]
[EventDate "2003.08.22"]
[EventType "tourn"]
[EventRounds "9"]
[EventCountry "BEL"]
[EventCategory "4"]
[SourceTitle "EXT 2004"]
[Source "ChessBase"]
[SourceDate "2003.11.25"]
[SourceVersion "1"]
[SourceVersionDate "2003.11.25"]
[SourceQuality "1"]

1. e4 c5 2. Nf3 e6 3. d4 cxd4 4. Nxd4 a6 5. Nc3 b5 6. Bd3 Qb6 7. Nf3 $1 {
Le dernier cri : Le Cavalier vient soutenir le pion e4, dont la progression
vers e5 doit accroître le potentiel des pièces mineures, le long de la
diagonale b1-h7 et grâce au point d'appui obtenu pour le Cavalier.} Nc6 8. O-O
Qb8 {Une idée du grand Maître israélien Smirine ; La Dame observe e5, se tient
а distance du Cc3 et garde même un œil sur la case b4, ceci au cas où les
Blancs décideraient d'attaquer b5 par a4. Encore deux exemples révélateurs :} (
8... Qc7 9. Re1 d6 ({évidemment pas} 9... Bd6 10. Bxb5) 10. a4 b4 11. Na2 Nf6
12. Bd2 a5 13. c3 bxc3 14. Nxc3 Be7 15. Nb5 Qb8 16. Bf4 {avec une forte
pression ; Ponomariov-Milov, Bienne 2000}) (8... Nge7 9. Re1 Ng6 10. a4 Bc5 11.
Be3 Bxe3 12. Rxe3 b4 13. Nd5 $1 Qd8 14. a5 {etc. Adams-Kengis, Leon 2001}) 9.
e5 $1 {Tout de même ! : Les Blancs n'hésitent pas а sacrifier un pion, car la
tentative de préparer cette poussée via} (9. Re1 {serait aisément contrée par}
Bd6) 9... Nge7 {Les Noirs traitent l'ouverture dans l'esprit de la défense
Alekhine ou du précurseur de celle-ci, la variante Rubinstein-Nimzowitsch (1.
e4 c5 2.Cf3 Cf6) : le Cavalier se dirige maintenant vers g6, pour entamer le
siège du pion avancé.} ({Sur l'immédiat} 9... Nxe5 10. Nxe5 Qxe5 11. Qf3 {
etc. l'avance en développement offrirait rapidement de larges compensations en
échange du pion sacrifié.}) 10. Be4 {Non seulement pour contrarier l'action du
Fb7, le long de cette diagonale, mais aussi pour sauvegarder e5, qui ne peut
désormais plus être pris.} Bb7 11. Re1 {Voici les Blancs fort bien installés.
Deux parties disputées entre grands maîtres а partir de cette position
s'étaient d'ailleurs achevées а leur avantage.} h6 {Joué au bout d'une longue
réflexion, ce qui laisse supposer que cette nouveauté avait été conçue devant
l'échiquier.} ({Si} 11... Ng6 {alors} 12. h4 Bc5 13. h5 {avec domination de
l'échiquier tout entier ; Ashley-Goldin, USA 2001}) ({ou} 11... Qc7 12. h4 h6
13. h5 O-O-O 14. Be3 f5 15. Bd3 g5 16. Bxb5 {et les Blancs l'emportèrent en
beauté ; Najer-Smirin, Moscou 2003}) 12. h4 Nc8 {Faute de pouvoir aller en g6,
il recule en c8, espérant ainsi supporter l'avance du pion d7.} 13. a4 b4 14.
Ne2 d5 15. Bd3 $1 {Tout simplement : les Blancs ont obtenu une version très
favorable de la défense française. Outre les pièces lourdes, curieusement
disposées sur la huitième traverse, les Noirs accusent un sérieux retard dans
la mobilisation des pièces.} Nxe5 {Il n'y résiste plus !} ({L'essai qui aurait
consisté а dégager l'aile Roi n'aurait pas abouti d'avantage :} 15... Bc5 {
(pour contrôler d4)} 16. Nf4 O-O 17. Nh5 {menaçant déjà 18.Cxg7 ! suivi de
Fxh6 ! avec attaque de mat.}) 16. Nxe5 Qxe5 17. Nf4 {Vers e6, pour miner les
remparts du Roi.} Qf6 ({Sur} 17... Qc7 {ou 17...Dd6, suivrait} 18. Qh5) 18. Qg4
{Il frappe là où ça fait mal.} (18. Qh5 {était cette fois moins efficace а
cause de} g6 19. Nxd5 Qe7 20. Nxe7 gxh5 {et les Noirs auraient évité le pire.})
18... Bc5 {L'échange des Fous des cases noires ne soulage en rien défense,
mais supposons :} (18... Be7 19. Nh5 (19. Nxe6 {serait également intéressant)})
19... Qxh4 20. Qxg7 Rf8 21. Bxh6 Nd6 ({si} 21... Qxh5 22. Rxe6 $3 {gagne.}) 22.
Nf4 {et les Blancs gagneront bientôt la qualité ; ex. :} O-O-O 23. g3 Qf6 24.
Qxf6 Bxf6 25. Bxf8 {etc.}) 19. Be3 Bxe3 20. Rxe3 Ne7 {Pour éviter la prise du
pion e6 avec échec. Supposons aussi :} ({a)} 20... O-O 21. Nh5 $1 Qxb2 22. c3
$3 Qxa1+ 23. Kh2 g5 (23... g6 24. Bxg6) 24. hxg5 Rd8 25. g6 (25. Rxe6) 25... f5
26. Bxf5 exf5 27. Qxf5 {le mat suit}) ({b)} 20... Qxb2 21. Rae1 O-O ({si} 21...
Kd7 22. Nxe6 fxe6 23. Rxe6 Kd8 24. Qf4 {puis Td6+}) ({ou} 21... Kd8 22. Rxe6
fxe6 23. Nxe6+ Kd7 24. Nd4+ {et l'attaque perce.}) 22. Nxe6 $3 fxe6 23. Qxe6+
Rf7 (23... Kh8 24. Qg6) 24. Qe8+ Rf8 25. Rf3 $3 {avec un nouveau mat imparable.
}) 21. Rae1 {Le verrou de e6 ne devrait plus tarder а sauter.} Bc8 {Le grand
maître lithuanien tâche de consolider la digue, mais en vain.} ({Si} 21... O-O
{(21...0-0-0 22.Cxe6! fxe6 22.Txe6 avec un échec а la découverte dévastateur)}
22. Nh5 Qxb2 23. Bh7+ $3 Kxh7 24. Rb3 f5 25. Qxb4 Nc6 (25... Qxc2 26. Qxe7 Rg8
27. Rxb7) 26. Qxb7 {gagne une pièce.}) 22. Nh5 $1 {Le Fc8 et le Ce7 ne
défendent que des cases blanches, donc Pascal poursuit l'offensive sur la
couleur inverse.} Qxb2 23. c3 $3 {Le clou ! Voici la Dame coupée du jeu.} Rg8 (
{ou pire :} 23... g6 24. Qd4 Rf8 25. Nf6+ Kd8 26. Qb6#) 24. Bh7 g6 25. Nf6+ Kf8
26. Bxg8 Nxg8 27. Qd4 $1 {La centralisation décisive.} Ne7 ({Si} 27... Nxf6 28.
Qxf6 {puis Tf3}) 28. Qc5 {Les Noirs n'ont pas le temps de respirer : il menace
Cxd5 !} Bb7 {[#]  Une dernière variante :} (28... bxc3 29. Nxd5 Qb7 30. Nc7 Ra7
(30... Rb8 31. Rd3) 31. Rxc3 {puis éventuellement Td1-d8 ou Dd6-d8}) 29. Rxe6
$3 {Le coup de grâce} fxe6 30. Rxe6 (30. Rxe6 Qc1+ 31. Kh2 Re8 (31... Qf4+ 32.
g3) 32. Nxe8 Qf4+ 33. g3 Qf7 34. Rf6) 1-0

[Event "Dieren op"]
[Site "Dieren"]
[Date "2013.07.27"]
[Round "5"]
[White "Belkhodja, Slim"]
[Black "Zakhartsov, Viacheslav V"]
[Result "1/2-1/2"]
[WhiteElo "2432"]
[BlackElo "2560"]
[Annotator "Zakhartsov,Vi"]
[PlyCount "86"]
[EventDate "2013.07.23"]
[EventType "swiss"]
[EventRounds "9"]
[EventCountry "NED"]
[SourceTitle "CBM 156"]
[Source "ChessBase"]
[SourceDate "2013.09.17"]
[SourceVersion "1"]
[SourceVersionDate "2013.09.17"]
[SourceQuality "1"]

1. e4 c5 2. Nf3 e6 3. d4 cxd4 4. Nxd4 a6 5. Nc3 Qc7 6. g3 {This system in the
Kan Variation is pretty harmless. Black usually has a pleasant game.} Bb4 7.
Nde2 Nf6 8. Bg2 Be7 9. O-O Nc6 10. h3 d6 11. a4 Bd7 (11... b6 {was also
possible, for instance:} 12. g4 h6 13. Ng3 Bb7 14. Qe2 Nd7 {Djingarova-Eingorn
(Saint-Quentin 2001) with complex play}) 12. Be3 Rc8 13. g4 {Now Black can do
without castling.} (13. f4 O-O (13... h6 $5) 14. g4 d5 $5 15. exd5 (15. e5 Ne8
16. Bxd5 $5 exd5 17. Nxd5 Qd8 18. Bb6 Nc7) 15... Nb4 16. dxe6 Bxe6 {A.
Grinfeld-Zatulovskaya (Tbilisi 1976) with very good compensation for the pawn})
13... h6 14. f4 g5 15. e5 $5 {Trying to complicate matters, otherwise Black is
fine:} (15. fxg5 hxg5 16. Bxg5 Qb6+ 17. Kh1 Nxg4) 15... dxe5 16. fxg5 hxg5 17.
Ng3 {Now, with the king in the centre in a more open position, Black does not
feel so comfortable.} Rg8 {At first the computer likes} (17... Nd4 {, but} 18.
Bxg5 Nxg4 19. Bxe7 (19. Qxg4 $2 f5) 19... Ne3 20. Qd2 Nxf1 21. Rxf1 Kxe7 22.
Qg5+ Ke8 23. Qg7 Rf8 24. Nce4 {leads to an attack for White which is
sufficient for equality:} Bc6 25. c3 Nf5 26. Nf6+ Ke7 27. Nxf5+ exf5 28. Rxf5
Bxg2 29. Kxg2) 18. Qf3 Rg7 $2 {A big mistake. I have had 2 good defences at my
disposal:} (18... Nd4 19. Bxd4 exd4 20. Nce4 Rf8 $1 21. Nxf6+ Bxf6 22. Qxf6
Qxg3 {or}) (18... Nd8 19. Qf2 Qc4) 19. Nce4 Nxe4 20. Qxe4 $1 {Now Nh5 is
looming.} ({For some reason I have considered only} 20. Nxe4) 20... Nd4 {
Black has nothing better.} 21. Nh5 $6 {He should take on d4 first. After} (21.
Bxd4 exd4 22. Nh5 Rg6 23. Rxf7 $1 {I thought that I could resign. I had not
seen} Qxc2 $1 {, although even here White is clearly better:} (23... Kxf7 24.
Rf1+ {really curtains}) 24. Rh7 (24. Qxc2 Rxc2 25. Rxe7+ Kxe7 26. Be4 Rxb2 27.
Bxg6 Bc6 {, and Black is fine, despite being a piece down}) 24... Qxe4 25. Bxe4
Rg8 26. Rf1 Rc7 27. Rff7 Bd8 28. b3 Rc1+ 29. Kf2 Bc8 30. Ke2 {with total
domination.}) 21... Ne2+ {Of course!} 22. Kh1 {Now White is worse. It seems
that} (22. Kf2 Rg6 23. Kxe2 Bc6 {allowed Black to return a piece, but} 24. Qxg6
$1 fxg6 25. Ng7+ Kd7 26. Rad1+ {led to a pretty draw by} Bd5 27. Bxd5 exd5 28.
Rxd5+ Kc6 29. Rd3 Qb8 30. Rc3+ Kd7 31. Rd1+ Bd6 32. Bc5 Rxc5 33. Rxc5 Ke7 34.
Rcd5 Qc7 35. Rxd6 Qc4+ 36. Kf3 Qf4+ 37. Kg2 Qe4+) 22... Rg6 23. Qxb7 Nf4 (23...
Qxb7 {was simpler:} 24. Bxb7 Bc6+ 25. Bxc6+ Rxc6 26. Rae1 Nf4 {, with obvious
advantage}) 24. Bxf4 exf4 25. Qxa6 {Play has sharpened extremely. On the one
hand, Black has a powerful centre and the Nh5 is out of play. On the other
hand, White's queenside connected passers may become dangerous. Moreover, we
both were in approaching time trouble which caused numerous subsequent
mistakes.} e5 (25... Qxc2 {I didn't like} 26. Qb7 {, after which it was
difficult to foresee} Bd6 27. a5 Rb8 28. Qe4 Qxe4 29. Bxe4 Rb4 $1 30. a6 (30.
Bxg6 $2 Bc6+ 31. Kg1 Bc5+ 32. Rf2 Bxf2+ 33. Kxf2 Rxb2+ 34. Kg1 fxg6) 30... Bb8
31. Bf3 Ba7 {with an edge in a complex position}) (25... Rb8 $5 {would give
Black an advantage:} 26. Be4 Rh6 27. b3 f5) 26. Qe2 Bc6 27. Rfe1 Kf8 {
Preparing the next sequence.} (27... Qb7 28. Bxc6+ Qxc6+ 29. Qe4 Qxe4+ 30. Rxe4
Rxc2 {should be a draw:} 31. Rxe5 Kd7 32. a5 Rd6 33. a6 Rdd2 34. a7 Rh2+ 35.
Kg1 Rhg2+) 28. c3 $2 {As I had expected, he was not reluctant to give up this
pawn. He had to play} (28. Qxe5 Bxg2+ 29. Kxg2 Qxe5 30. Rxe5 Rxc2+ 31. Kf3 Rd6
{with equal chances.}) 28... e4 $1 29. Bxe4 Re6 30. Qg2 {At the post-mortem he
proposed} (30. Qc2 $2 {(in order to not have the queen pinned) as stronger,
and I agreed. Amazingly, how we both were blind! Simple} Bxe4+ {(instead of 30.
..Re4)} 31. Rxe4 Qb7 32. Rae1 Rc4 {ended the game}) 30... Rxe4 {Now the bishop
on c6 is a monster.} 31. Rxe4 Qb7 {The most natural. However,} (31... Qd6 $1 {
would decide. White cannot save himself:} 32. Qe2 (32. Rae1 Qd3 33. Kh2 f3 34.
Rd4 Qxd4 35. cxd4 fxg2 $19) (32. Qf3 Qd2 33. Rf1 Qxb2 34. Kg1 Bc5+ 35. Kh1 Qc2
36. Nf6 Kg7 37. Nh5+ Kg6 38. Rfe1 Re8 39. Nf6 Re6 $19) 32... Re8 33. Kg1 (33.
Re1 Bd8 34. Qf3 Rxe4 35. Rxe4 Qg6) 33... Qd5 34. Nf6 (34. Re1 Bc5+) 34... Bxf6
35. Rxe8+ Bxe8) 32. Rae1 Bc5 {This does not lose, but now White had a good
practical chance to turn the tables.} (32... Rd8 {forced a draw:} 33. Qe2 (33.
b4 {? loses to} Rd1) 33... Re8 34. Qg2 Rd8) 33. Kh2 {A natural move too.
Meanwhile,} (33. b4 {forced Black to find the only way (which was almost
impossible to do in time trouble) to save the game by the intermediate} f5 $1 (
33... Be3 {loses to} 34. Nf6 Kg7 35. b5) 34. gxf5 Be3 35. Nf6 Qg7 36. Qxg5 (36.
b5 Ba8 37. Qxg5 Qxg5 38. Nh7+ Kg7 39. Nxg5 Rxc3) 36... Qxg5 37. Nh7+ Kg7 38.
Nxg5 Re8 39. b5 Bxe4+ 40. Nxe4 Rxe4 41. b6 Rxa4 42. b7 Ba7 {and this should be
a draw.}) 33... Be3 34. Nf6 Kg7 35. Qc2 $1 {Forces a draw.} (35. Nh5+ {would
led to a large advantage for Black:} Kg6 36. Qf1 (36. R1xe3 {??} fxe3 37. Qf1
Qxb2+ 38. Kg1 Qf2+) 36... Bxe4 37. Rxe3 f6 $1 (37... fxe3 $4 38. Qf6+ Kh7 39.
Qg7#) 38. Re1 Qxb2+ 39. Re2 (39. Qe2 Rb8) 39... Qb7) 35... Kxf6 36. R4xe3 fxe3
37. Qf5+ Kg7 38. Qxg5+ Kf8 39. Qh6+ Kg8 40. Qg5+ Kf8 41. Qh6+ Kg8 42. Qg5+ Kf8
43. Qh6+ Kg8 1/2-1/2

[Event "Lvov Vasylyshyn Memorial GM 9th"]
[Site "Lvov"]
[Date "2012.11.24"]
[Round "5"]
[White "Polivanov, Anatoliy"]
[Black "Zakhartsov, Viacheslav V"]
[Result "0-1"]
[WhiteElo "2413"]
[BlackElo "2531"]
[Annotator "Zakhartsov,Vi"]
[PlyCount "104"]
[EventDate "2012.11.20"]
[EventType "tourn"]
[EventRounds "9"]
[EventCountry "UKR"]
[EventCategory "8"]
[SourceTitle "CBM 152"]
[Source "ChessBase"]
[SourceDate "2013.01.15"]
[SourceVersion "1"]
[SourceVersionDate "2013.01.15"]
[SourceQuality "1"]

1. e4 c5 2. Nf3 e6 3. d4 cxd4 4. Nxd4 a6 5. Nc3 Qc7 6. Be2 b5 7. O-O Bb7 8. Re1
Nc6 9. Nxc6 dxc6 10. e5 Rd8 11. Bd3 c5 12. Qg4 Ne7 13. Bg5 Rd4 14. Qg3 Ng6 15.
Rad1 Be7 16. Bxb5+ $5 {An interesting novelty. Previously White has played} (
16. Bxg6) (16. Bxe7) (16. Ne2) 16... axb5 17. Nxb5 Qa5 $6 {Miscalculation.
Better would be 2 other moves:} (17... Qb6 18. Nxd4 cxd4 19. Bxe7 Nxe7 20. Qb3
(20. Qa3 Nf5) 20... Qc6 21. f3 Nf5) ({or} 17... Qd7 18. Nxd4 cxd4 19. Bxe7 Nxe7
20. Qa3 (20. c3 Nf5 21. Qd3 O-O 22. cxd4 Qd5 23. f3 Qxa2) 20... Nf5 {with
approximate equality in both cases.}) 18. Nxd4 cxd4 19. Bxe7 Nxe7 20. Qb3 {
I overlooked this move when playing 17...Qa5.} Qa7 21. Qb4 (21. Qc4 {was also
strong:} O-O (21... Nc6 22. b4 Qa4 23. Qc5 {with a big advantage}) 22. Qxd4 Qa8
23. Qg4 Nf5 24. a3) 21... Nc6 22. Qd6 Ba8 23. b4 $6 {Now this pawn is dropping.
} (23. a3 Qb7 24. f3 {was much better.}) 23... Qb7 24. f3 (24. Re4 {would be a
bit better:} Qxb4 25. Qxb4 Nxb4 26. Rexd4 Nc6 27. R4d3 O-O {with an unclear
ending.}) 24... Qxb4 25. Qxb4 Nxb4 26. Rxd4 Nc6 27. Rd6 Ke7 28. f4 Rc8 {
Now Black has a better ending due to White's pawn islands.} 29. Re3 Nb8 $1 {
Covering the important d7-square.} (29... Nb4 30. Ra3 {threatening to double
rooks on the 7th rank.}) 30. Ra3 Be4 31. Ra7+ Ke8 32. Rb6 Nd7 33. Rd6 Nf8 34.
Rb6 Ng6 35. Rb4 Bd5 36. c4 {?!} (36. a4) 36... Bc6 $6 ({Missing} 36... Nxf4 $1
37. cxd5 Rc1+ 38. Kf2 Nd3+ 39. Kg3 Nxb4 40. dxe6 Rf1 {leaving him a piece up.})
37. g3 Ne7 38. a4 h6 39. c5 Bd5 40. Rb5 g5 41. fxg5 $2 {A strange move. Now
the e5-pawn is very weak.} (41. Kf2) 41... hxg5 42. h4 Kf8 43. hxg5 Nc6 44.
Rab7 Kg7 45. a5 Bc4 46. a6 Bxb5 47. Rxb5 Nxe5 48. a7 Nc6 49. Rb7 Ra8 50. Rb6
Na5 51. Ra6 Nb7 52. c6 Nd6 0-1

[Event "RUS-ch Higher League 64th"]
[Site "Taganrog"]
[Date "2011.06.17"]
[Round "3"]
[White "Diu, Viacheslav"]
[Black "Zakhartsov, Viacheslav V"]
[Result "1-0"]
[WhiteElo "2475"]
[BlackElo "2578"]
[Annotator "Zakhartsov,Vi"]
[PlyCount "51"]
[EventDate "2011.06.15"]
[EventType "swiss"]
[EventRounds "11"]
[EventCountry "RUS"]
[SourceTitle "CBM 143"]
[Source "ChessBase"]
[SourceDate "2011.07.15"]
[SourceVersion "1"]
[SourceVersionDate "2011.07.15"]
[SourceQuality "1"]

1. e4 c5 2. Nc3 e6 3. Nf3 a6 4. d4 cxd4 5. Nxd4 Qc7 6. Bd3 Nf6 7. O-O Bc5 8.
Nb3 Be7 9. f4 d6 10. e5 $5 {An interesting pawn sacrifice, which I had
believed not quite correct during the game. I was not right: things are not so
clear.} dxe5 11. fxe5 Nfd7 (11... Qxe5 $6 12. Bf4 Qh5 13. Be2 Qh4 14. g3 Qh3
15. Ne4 {with an initiative for White:} Nxe4 $2 16. Bg4 {and the queen is
trapped.}) 12. Qg4 $1 {In order to weaken Black's kingside.} g6 13. Bf4 Nxe5 ({
Previously} 13... Nc6 {had been played:} 14. Rae1 Ndxe5 15. Qg3 f6 16. Be4 Bd7
(16... O-O 17. Bxg6 hxg6 18. Rxe5 Nxe5 19. Bxe5 fxe5 20. Qxg6+ Kh8 21. Qh6+ Kg8
{a draw}) 17. Bxc6 {(Sipos-Feuerstack, Switzerland 2009), and now} Qxc6 (17...
Bxc6 {?} 18. Rxe5 fxe5 19. Bxe5 Qb6+ 20. Bd4) 18. Bxe5 fxe5 19. Qxe5 O-O-O {
led to double-edged play.}) 14. Qg3 Nbd7 $6 {The wrong square for the knight.}
(14... Nbc6 {led to the previous note by transposition.}) 15. Rae1 Qb6+ $6 (
15... f6 {was much better.}) 16. Kh1 Nxd3 $2 {Usually mistakes come in pairs.}
(16... f6 17. Bxe5 (17. Bh6) 17... Nxe5 18. Rxe5 {!?} fxe5 19. Qxe5 Rg8 (19...
Rf8 20. Rxf8+ Kxf8 (20... Bxf8 21. Nd5) 21. Qh8+ Kf7 22. Qxh7+) 20. Ne4 {
with initiative.}) 17. cxd3 {!} (17. Qxd3 O-O 18. Nd5 exd5 19. Rxe7 Nf6 {
and Black somehow holds.}) 17... Nf8 $2 {As they say: if there are no good
moves, one has to make bad ones.} ({In advance I had intended to play} 17...
Nf6 {, but now I saw} 18. Qf3 $1 O-O (18... Nh5 19. Be3) 19. Bg5 {and White
wins.}) (17... O-O {doesn't help either:} 18. Nd5 exd5 (18... Qd8 19. Nxe7+
Qxe7 20. Bd6) 19. Rxe7 Qf6 20. Ree1 {with a big advantage due to the weak dark
squares around the black king and the huge lead in development.}) 18. Be5 Rg8
19. Rxf7 $1 {The most spectacular way to win.} Kxf7 20. Rf1+ Ke8 21. Qf3 {
White unavoidably regains the rook, and Black's position collapses.} Kd8 22.
Qf7 Qc6 (22... Qe3 23. Bf4 Qxd3 24. Rd1) 23. Qxg8 Qe8 24. Ne4 g5 25. Rf7 Ng6
26. Bc7+ 1-0